Procesos de transferencia de calor

Bibliographic Details
Main Author: Kern, Donald Q
Format: Section = Libro
Language:Undetermined
Spanish
Published: México Continental 1965
Subjects:
LEADER 00522nam a2200205Ia 4500
008 240830s9999 xx 000 0 und d
020 |a 968-26-1040-0 
040 |a CEDOC FIQ-RUSB / 621.4022 K39 
041 |a spa 
082 |a 621.4022 K39 
100 1 |a Kern, Donald Q 
245 1 0 |a Procesos de transferencia de calor 
260 |a México  |b Continental  |c 1965 
300 |a 980 p. : il 
650 7 |a CALOR TRANSFERENCIA 
650 7 |b  TERMODINAMICA 
650 7 |c  TERMOTECNIA 
942 |c BK  |2 ddc 
991 |a TEXTO 
999 |c 13205